00557 2200193 4500001002100000005001500021035002000036007000300056008003900059082001000098084001600108100001500124245009400139260005300233300004100286650001100327650001200338022001300350INLIS00000000000087620240819101416 a0010-0824000241ta240819 | | |  a633.3 a633.3 HAR e0 aHaryuni, H1 aEffect of moringa leaf extract and cow-manure on soya bean growth and yield /cHaryuni, H aUnited Kingdom, Bristol :bIOP Publishing,c2022 a1-6 hlm, :bilus, ;c21 cm X 29,5 cm 4aJurnal 4aKedelai a17551315